| 000 | 00763nam a2200289Ia 4500 | ||
|---|---|---|---|
| 001 | Z_986 | ||
| 003 | CHAP | ||
| 008 | 220113s198X xx 000 0 und d | ||
| 010 | _a164062 | ||
| 040 | _cCHAP | ||
| 090 | _aFolleto 227 | ||
| 100 |
_aSeifres, C J _9103753 |
||
| 245 |
_aManagement of south Texas mixed brush with herbicides / _cby C.J. Scifres [and others] |
||
| 260 |
_aCollege Station, Texas : _bTexas A & M University, _c198X |
||
| 300 | _a66 p. : gráfs. | ||
| 440 |
_aTexas Agr. Exp. Sta. ; B-1623 _9138122 |
||
| 500 | _a | ||
| 503 | _a | ||
| 650 |
_aBaccharis _99272 |
||
| 650 |
_aHerbicidas I. t. _9138123 |
||
| 901 | _aFolleto 227 | ||
| 902 | _aA | ||
| 910 | _a198X | ||
| 942 | _cc14 | ||
| 942 | _cc14 | ||
| 999 |
_c164062 _d164062 |
||